Model ekonomického rozvoja ázijských drakov
Na minha lista:
| Autor principal: | |
|---|---|
| Formato: | Livro |
| Idioma: | eslovaco |
| Publicado em: |
Bratislava
MIKA Conzult
2001
|
| Assuntos: | |
| Tags: |
Sem tags, seja o primeiro a adicionar uma tag!
|
MARC
| LEADER | 00000nam a2200000 4500 | ||
|---|---|---|---|
| 001 | c130078 | ||
| 005 | 20221124104659.4 | ||
| 020 | |a 80-967295-9-4 | ||
| 041 | 0 | |a slo | |
| 044 | |a SK | ||
| 245 | 1 | 0 | |a Model ekonomického rozvoja ázijských drakov |c Hoa Nguyen Dinh |
| 264 | 1 | |a Bratislava |b MIKA Conzult |c 2001 | |
| 300 | |a 95 s. | ||
| 610 | 2 | 0 | |a rozvoj hospodársky |
| 610 | 2 | 0 | |a Singapur |
| 610 | 2 | 0 | |a Taiwan |
| 610 | 2 | 0 | |a Hongkong |
| 610 | 2 | 0 | |a Kórea |
| 610 | 2 | 0 | |a politika hospodárska |
| 610 | 2 | 0 | |a ukazovatele makroekonomické |
| 610 | 2 | 0 | |a štatistika ekonomická |
| 610 | 2 | 0 | |a sila kúpna obyvateľstva |
| 610 | 2 | 0 | |a produkt domáci hrubý |
| 610 | 2 | 0 | |a zamestnanosť |
| 610 | 2 | 0 | |a Ázia |
| 610 | 2 | 0 | |a kríza finančná |
| 610 | 2 | 0 | |a štruktúra ekonomická |
| 610 | 2 | 0 | |a manažment |
| 610 | 2 | 0 | |a vývoj hospodársky |
| 100 | 1 | |a Dinh, Hoa Nguyen | |